| 000 -LEADER |
| fixed length control field |
00334nam a2200109Ia 4500 |
| 008 - FIXED-LENGTH DATA ELEMENTS--GENERAL INFORMATION |
| fixed length control field |
200302s9999 xx 000 0 und d |
| 100 ## - MAIN ENTRY--PERSONAL NAME |
| Personal name |
Raymond J.Cole, Richard Lorch (editor) |
| 245 ## - TITLE STATEMENT |
| Title |
Buildings,Culture & Environment -- Informing Local & Global Practices( |
| -- |
195) |
| 260 ## - PUBLICATION, DISTRIBUTION, ETC. |
| Name of publisher, distributor, etc. |
Blackwell Publications |
| 260 ## - PUBLICATION, DISTRIBUTION, ETC. |
| Date of publication, distribution, etc. |
2003 |
| 300 ## - PHYSICAL DESCRIPTION |
| Extent |
404 |